| 000 | 00449nam a2200181Ia 4500 | ||
|---|---|---|---|
| 008 | 230524s9999 xx 000 0 und d | ||
| 020 | _a8121924413 | ||
| 082 |
_a621.382 _bTHE |
||
| 100 | _aB.L.Theraja | ||
| 245 | 2 | _aA Text Book of Electrical Technology (2750p) | |
| 250 | _a24TH | ||
| 260 |
_aNEW DELHI _bS.Chand _c2005 |
||
| 300 | _aXXXII;2750 | ||
| 500 | _aQuantity Number: 4 | ||
| 650 | _aElectrical | ||
| 700 | _a A.K.Theraja | ||
| 942 | _cBK | ||
| 999 |
_c820 _d820 |
||